00708cam a22001934a 4500020001500000020001800015020002200033020002500055040000800080082002600088100001900114245008000133260004400213300004900257520014000306650000900446650003400455650002500489 a0823414477 a9780823414475 a0823417557 (pbk.) a9780823417551 (pbk.) cDLC a940 HOL 2000 A114 Or.1 aLevine, Ellen.10aDarkness over Denmark :bthe Danish resistance and the rescue of the Jews / aNew York :bHoliday House,c℗♭2000. ax, 164 pages :billustrations, maps ;c26 cm aAn account of people in Denmark who risked their lives to protect and rescue their Jewish neighbors from the Nazis during World War II. 0aJews 0aHolocaust, Jewish (1939-1945) 0aWorld War, 1939-1945